| 000 | 00957nas a2200313 4500 | ||
|---|---|---|---|
| 001 | BR2012002797 | ||
| 003 | BR-BrBNA | ||
| 005 | 20231205120438.0 | ||
| 007 | ta | ||
| 008 | 230509b bl.|||p| |||| 00| 00por d | ||
| 040 |
_aBR-BrBNA _bpor _cBiblioteca Nacional de Agricultura |
||
| 041 | _a(Pt) | ||
| 072 | _aF70; K10 | ||
| 100 | 1 | _aArmando, D.M. de S. | |
| 100 | 1 | _aRosa, T.C. | |
| 100 | 1 | _aSousa, H. de | |
| 100 | 1 | _aSilva, R.A. | |
| 100 | 1 | _aCarvalho, L.C. da S. | |
| 100 | 1 | _aGonzaga, A.P.D. | |
| 100 | 1 | _aMachado, E.L.M. | |
| 100 | 1 | _aCosta, M. do P. | |
| 245 | 1 | _aColonização de espécies arbustivo-arbóreas em povoamento de Eucalyptus spp., Lavras, MG | |
| 650 | _aEUCALIPTO | ||
| 650 | _aREGENERAÇÃO NATURAL | ||
| 650 | _aTAXONOMIA VEGETAL | ||
| 773 | 0 |
_tFloresta e Ambiente (Brazil) _xISSN 1415-0980 _g(Oct-Dec 2011), v. 18(4) p. 376-389 _wBR2012002797 |
|
| 909 |
_a202311 _bLúcia _c55 _dLúcia Elande |
||
| 942 |
_2AGRIS _n0 _cANA |
||
| 999 |
_c218532 _d218532 |
||